Statistics for Hawkeye Franchise

Click here to take the quiz!

General Stats

  • This quiz has been taken 21 times
  • The average score is 5 of 11

Answer Stats

TypeYearNameInfo% Correct
Web Series2021HawkeyeDisney+
100%
Comic Mini-Series1983HawkeyeMarvel Comics
100%
Comic Mini-Series1994Hawkeye Vol. 2Marvel Comics
100%
Comic Series2003Hawkeye Vol. 3Marvel Comics
100%
Comic Series2012-2015Hawkeye Vol. 4Marvel Comics
100%
Comic Series2010Hawkeye & MockingbirdMarvel Comics
7%
Comic Series2015All-New HawkeyeMarvel Comics
0%
Comic Series2016All-New Hawkeye Vol. 2Marvel Comics
0%
Comic Mini-Series2011Hawkeye: BlindspotMarvel Comics
0%
Comic Series2016-2018Occupy AvengersMarvel Comics
0%
Comic Mini-Series2010-2011WidowmakerMarvel Comics
0%

Score Distribution

Percentile by Number Answered

Percent of People with Each Score

Your Score History

You have not taken this quiz